| 000 | 00602nam a2200217Ia 4500 | ||
|---|---|---|---|
| 005 | 20250508165737.0 | ||
| 008 | 008 250505s9999 xx 000 0 eng d | ||
| 037 | _aTextual | ||
| 040 |
_aFEDL _beng _cFEDL |
||
| 041 |
_aeng _2eng |
||
| 084 |
_a574.5, HAM _qFEDL |
||
| 100 |
_aHamilton W.R _9781783 |
||
| 245 | 0 | _aHmlyn guide to minerals rocks and fossils | |
| 260 |
_aLondon, UK _bHmlyn Publishing _c1974 |
||
| 300 | _a320p. | ||
| 365 |
_aGBP _b1.95 |
||
| 546 | _aC.S.E.C | ||
| 700 |
_a Woolley A.R Bishop A.C _9781784 |
||
| 942 |
_cTEXL _h574.5, HAM |
||
| 999 |
_c1397195 _d1397195 |
||